Fundamentals of operations management (Record no. 28)

MARC details
000 -LEADER
fixed length control field 00615nam a22001937a 4500
008 - FIXED-LENGTH DATA ELEMENTS--GENERAL INFORMATION
fixed length control field 131128b xxu||||| |||| 00| 0 eng d
020 ## - INTERNATIONAL STANDARD BOOK NUMBER
International Standard Book Number 0256225575
040 ## - CATALOGING SOURCE
Original cataloging agency UOEL
050 ## - LIBRARY OF CONGRESS CALL NUMBER
Classification number TS155
Item number .D248 1999
100 ## - MAIN ENTRY--PERSONAL NAME
Personal name Davis, Mark M.
245 ## - TITLE STATEMENT
Title Fundamentals of operations management
Statement of responsibility, etc Mark M. Davis, Nicholas J. Aquilano and Richard B. Chase
250 ## - EDITION STATEMENT
Edition statement 3rd ed.
260 ## - PUBLICATION, DISTRIBUTION, ETC. (IMPRINT)
Place of publication, distribution, etc Boston :
Name of publisher, distributor, etc McGraw-Hill Companies,
Date of publication, distribution, etc 1999
300 ## - PHYSICAL DESCRIPTION
Extent xx, 600 p. :
Other physical details ill.
440 ## - SERIES STATEMENT/ADDED ENTRY--TITLE
Title The Irwin/McGraw-Hill series in operations and decision sciences
500 ## - GENERAL NOTE
General note Includes index
650 ## - SUBJECT ADDED ENTRY--TOPICAL TERM
Topical term or geographic name as entry element Production management
942 ## - ADDED ENTRY ELEMENTS (KOHA)
Source of classification or shelving scheme Library of Congress Classification
Item type Loan - Normal on open shelf
Holdings
Withdrawn status Lost status Source of classification or shelving scheme Damaged status Not for loan Home library Current library Shelving location Date acquired Total Checkouts Full call number Barcode Date last seen Date last borrowed Copy number Price effective from Koha item type
    Library of Congress Classification     UOE Main Library UOE Main Library Open shelf 28/11/2013 4 TS155 .D248 1999 20143050 23/07/2021 21/07/2021 20143050 28/11/2013 Loan - Normal on open shelf
    Library of Congress Classification     UOE Main Library UOE Main Library Open shelf 21/04/2015   TS155 .D248 1999 20140933 21/04/2015   20140933 21/04/2015 Loan - Normal on open shelf